Recherches sur la nature et les causes de la Richesse des nations (notice n° 1558924)

détails MARC
000 -LEADER
fixed length control field 03291cam a2200277zu 4500
003 - CONTROL NUMBER IDENTIFIER
control field FRCYB88973361
005 - DATE AND TIME OF LATEST TRANSACTION
control field 20251020125718.0
008 - FIXED-LENGTH DATA ELEMENTS--GENERAL INFORMATION
fixed length control field 251020s2025 fr | o|||||0|0|||fre d
020 ## - INTERNATIONAL STANDARD BOOK NUMBER
International Standard Book Number 9782251456928
035 ## - SYSTEM CONTROL NUMBER
System control number FRCYB88973361
040 ## - CATALOGING SOURCE
Original cataloging agency FR-PaCSA
Language of cataloging fr
Transcribing agency
Description conventions rda
100 1# - MAIN ENTRY--PERSONAL NAME
Personal name Smith, Adam
245 01 - TITLE STATEMENT
Title Recherches sur la nature et les causes de la Richesse des nations
Statement of responsibility, etc. ['Smith, Adam']
264 #1 - PRODUCTION, PUBLICATION, DISTRIBUTION, MANUFACTURE, AND COPYRIGHT NOTICE
Name of producer, publisher, distributor, manufacturer Les Belles Lettres
Date of production, publication, distribution, manufacture, or copyright notice 2025
300 ## - PHYSICAL DESCRIPTION
Extent p.
336 ## - CONTENT TYPE
Content type code txt
Source rdacontent
337 ## - MEDIA TYPE
Media type code c
Source rdamdedia
338 ## - CARRIER TYPE
Carrier type code c
Source rdacarrier
520 ## - SUMMARY, ETC.
Summary, etc. Peu d’ouvrages ont eu une influence aussi immédiate et profonde que les Recherches sur la nature et les causes de la richesse des nations. Chaque événement de notre époque ne cesse de retentir comme l’une de ses prophéties ou de ses variations. Quand Adam Smith (1723-1790) le fait paraître en 1776, il a peu publié et il est au soir de sa vie. Le livre se présente comme une enquête et un roman d’initiation où se trouve peint le tableau de l’activité humaine. Chaque contradiction de cette condition collective est débusquée puis analysée. À l’aide de concepts inédits, l’auteur établit dès lors une philosophie générale des lois naturelles sous-jacentes à tout désordre, car il faut en laisser s’exprimer les forces pour qu’au coeur de la discorde l’équilibre se dessine en un ordre libre et spontané. Se découvre ainsi le système possible d’une politique venue du centre caché de la nature de toutes choses, une politique absolue et absolument souple, qui dissout l’agressive vanité des relations communes dans l’autorégulation vertueuse d’un dialogue universel. Il s’agit de rendre à soi-même la sympathie inhérente à cette économie naturelle, afin qu’elle se répande parmi les hommes et fasse prospérer leur travail parmi les nations. Adam Smith invente ici d’un même trait l’économie politique, la géopolitique et la philosophie de l’histoire. Ce somptueux livre Sur la richesse des nations est l’oeuvre d’un esprit puissamment fondateur, à telle enseigne qu’après Adam Smith on ne parlera plus jamais de ce dont il a parlé sans d’abord parler de lui. Depuis deux siècles et demi, la hauteur de cette œuvre ne cesse de raconter en détail le fonctionnement, les erreurs et le destin des civilisations. Bien au-delà de Marx, Adam Smith est l’auteur qui, dans le silence, a le plus influencé et qui influence le plus ceux dont les décisions pèsent sur la marche du monde. Les traductions complètes de ce grand livre sont peu nombreuses. Et en dépit de leur inélégance les récentes traductions ne gagnent guère en précision. La traduction la plus belle et la plus fidèle est celle de Germain Garnier soigneusement révisée par Adolphe Blanqui. Introduite et annotée par les grands auteurs de la pensée économique moderne (Blanqui, McCulloch, Malthus, Mill, Ricardo, Sismondi, Say…), voici en son intégralité la meilleure édition de ce chef-d’oeuvre, car elle était introuvable.
650 #0 - SUBJECT ADDED ENTRY--TOPICAL TERM
Topical term or geographic name entry element
700 0# - ADDED ENTRY--PERSONAL NAME
Personal name Smith, Adam
856 40 - ELECTRONIC LOCATION AND ACCESS
Access method Cyberlibris
Uniform Resource Identifier <a href="https://international.scholarvox.com/netsen/book/88973361">https://international.scholarvox.com/netsen/book/88973361</a>
Electronic format type text/html
Host name

Pas d'exemplaire disponible.

PLUDOC

PLUDOC est la plateforme unique et centralisée de gestion des bibliothèques physiques et numériques de Guinée administré par le CEDUST. Elle est la plus grande base de données de ressources documentaires pour les Étudiants, Enseignants chercheurs et Chercheurs de Guinée.

Adresse

627 919 101/664 919 101

25 boulevard du commerce
Kaloum, Conakry, Guinée

Réseaux sociaux

Powered by Netsen Group @ 2025